Statistics for Countries with swedish embassies

Click here to take the quiz!

General Stats

  • This quiz has been taken 41 times
  • The average score is 84 of 92

Answers on the Map

Answers color-coded by a green-red scale on the quiz's map according to % correct below.
 

Answer Stats

Country% Correct
Argentina
100%
Australia
100%
Brazil
100%
Canada
100%
China
100%
Denmark
100%
Estonia
100%
Finland
100%
France
100%
Germany
100%
Greece
100%
India
100%
Japan
100%
Norway
100%
Portugal
100%
Russia
100%
South Korea
100%
Spain
100%
United Kingdom
100%
Austria
97%
Chile
97%
Egypt
97%
Iceland
97%
Iran
97%
Iraq
97%
Italy
97%
Mexico
97%
Morocco
97%
Poland
97%
Saudi Arabia
97%
Serbia
97%
South Africa
97%
Switzerland
97%
Tunisia
97%
Turkey
97%
Ukraine
97%
United States
97%
Algeria
94%
Bosnia and
Herzegovina
94%
Colombia
94%
Czech Republic
94%
Hungary
94%
Israel
94%
Kenya
94%
Netherlands
94%
Nigeria
94%
Pakistan
94%
Peru
94%
Romania
94%
Thailand
94%
Afghanistan
91%
Belarus
91%
Bolivia
91%
Cambodia
91%
Croatia
91%
Cuba
91%
Ethiopia
91%
Indonesia
91%
Jordan
91%
Kazakhstan
91%
Lithuania
91%
Philippines
91%
Sudan
91%
Syria
91%
United Arab Emirates
91%
Vietnam
91%
Albania
89%
Democratic Republic
of the Congo
89%
Latvia
89%
Malaysia
89%
Mali
89%
Armenia
86%
Azerbaijan
86%
Georgia
86%
Kosovo
86%
Qatar
86%
Tanzania
86%
Zimbabwe
83%
Angola
80%
Cyprus
80%
Lebanon
80%
Zambia
80%
Moldova
77%
Mozambique
77%
North Korea
74%
Bangladesh
71%
Singapore
71%
Uganda
71%
Guatemala
66%
Rwanda
63%
Liberia
60%
Burkina Faso
57%

Score Distribution

Percentile by Number Answered

Percent of People with Each Score

Your Score History

You have not taken this quiz